| 000 | 00510nam a22001817a 4500 | ||
|---|---|---|---|
| 003 | CEME | ||
| 005 | 20210628202956.0 | ||
| 008 | 210119b xxu||||| |||| 00| 0 eng d | ||
| 020 | _a0-07-312265-3 | ||
| 040 | _c. | ||
| 082 | _a658.4012 BUR | ||
| 100 |
_aBurgelman, Robert. A, Grove, Andrew .S _962670 |
||
| 245 | _aStrategic dynamics,concepts and cases | ||
| 260 |
_aNEW YORK _bMCGRAW HILL _c2006 |
||
| 300 | _aVII,504 P | ||
| 650 |
_aSTRATEGIC PLANNING , INFORMATION TECHNOLOGY _962671 |
||
| 942 |
_cBK _2ddc |
||
| 999 |
_c571709 _d571709 |
||